The Time Machine ; and, The Invisible Man (Record no. 1250)

MARC details
000 -LEADER
fixed length control field 00788nam a2200205 a 4500
005 - DATE AND TIME OF LATEST TRANSACTION
control field 20260322212053.0
008 - FIXED-LENGTH DATA ELEMENTS--GENERAL INFORMATION
fixed length control field data
020 ## - INTERNATIONAL STANDARD BOOK NUMBER
International Standard Book Number 0451522389
020 ## - INTERNATIONAL STANDARD BOOK NUMBER
International Standard Book Number 978-0-451-52238-2
040 ## - CATALOGING SOURCE
Original cataloging agency Donation
099 ## - LOCAL FREE-TEXT CALL NUMBER (OCLC)
Classification number WELLSH
001 - CONTROL NUMBER
control field data
100 1# - MAIN ENTRY--PERSONAL NAME
Personal name Wells, H. G.
Dates associated with a name 1866-1946.
Fuller form of name (Herbert George),
245 14 - TITLE STATEMENT
Title The Time Machine ; and, The Invisible Man
Statement of responsibility, etc. H. G. Wells.
260 ## - PUBLICATION, DISTRIBUTION, ETC.
Place of publication, distribution, etc. New York
Name of publisher, distributor, etc. Signet Classic
Date of publication, distribution, etc. 1984
300 ## - PHYSICAL DESCRIPTION
Extent xxiii, 278 p. ;
Dimensions 18 cm.
520 ## - SUMMARY, ETC.
Summary, etc. In the first of these two science fiction stories a scientist invents a machine that transports him into the future. In the second story a man watches his body slowly become invisible. The only one-volume edition of these classic works of science fiction.
650 #4 - SUBJECT ADDED ENTRY--TOPICAL TERM
Topical term or geographic name entry element Science fiction.
650 #4 - SUBJECT ADDED ENTRY--TOPICAL TERM
Topical term or geographic name entry element Time travel
Form subdivision fiction
Holdings
Withdrawn status Lost status Damaged status Not for loan Home library Current library Shelving location Date acquired Total checkouts Full call number Barcode Date last seen Price effective from Koha item type
        Riverside Riverside General stacks 22/03/2026   GEN BC0011291 22/03/2026 22/03/2026 Books